Madrid insólita y secreta / (Registro nro. 181347)

Detalles MARC
000 -LEADER
campo de control de longitud fija 00992nam a2200253 i 4500
001 - NÚMERO DE CONTROL
campo de control 181347
003 - IDENTIFICADOR DE NÚMERO DE CONTROL
campo de control ES-MaACL
005 - FECHA Y HORA DE LA ÚLTIMA TRANSACCIÓN
campo de control 20240924103443.0
008 - DATOS DE LONGITUD FIJA--INFORMACIÓN GENERAL
campo de control de longitud fija 121213s2011 fr |||| | spa d
020 ## - NÚMERO INTERNACIONAL ESTÁNDAR DEL LIBRO
Número Internacional Estándar del Libro 9782915807707
100 1# - ENTRADA PRINCIPAL--NOMBRE DE PERSONA
Nombre de persona Ramírez Muro, Verónica.
9 (RLIN) 151961
245 10 - MENCIÓN DEL TÍTULO
Título Madrid insólita y secreta /
Mención de responsabilidad, etc. Verónica Ramírez Muro ; con la colaboración especial de Natalia Pianzola ; fotos: Manuel Vázquez.
260 ## - PUBLICACIÓN, DISTRIBUCIÓN, ETC.
Lugar de publicación, distribución, etc. [S.l.] :
Nombre del editor, distribuidor, etc. Jonglez,
Fecha de publicación, distribución, etc. [2011]
300 ## - DESCRIPCIÓN FÍSICA
Extensión 255 p. :
Otras características físicas il. ;
Dimensiones 19 cm.
500 ## - NOTA GENERAL
Nota general Foto de la cubierta: Sala Pecera de la Biblioteca del Ateneo de Madrid.
651 #4 - PUNTO DE ACCESO ADICIONAL DE MATERIA--NOMBRE GEOGRÁFICO
Nombre geográfico Madrid-
Subdivisión de forma Guías turísticas.
9 (RLIN) 8962
700 1# - ENTRADA AGREGADA--NOMBRE PERSONAL
Nombre de persona Pianzola, Natalia.
9 (RLIN) 151962
700 1# - ENTRADA AGREGADA--NOMBRE PERSONAL
Nombre de persona Vázquez, Manuel.
9 (RLIN) 151963
852 ## - LOCALIZACIÓN
Ubicación ES-MaACL
Número de control de estantería N-5406
Ubicación en estantería Sala Pecera Depósito 2
itemnumber 188231
Nota libre Falta en Biblioteca
852 ## - LOCALIZACIÓN
Ubicación ES-MaACL
itemnumber 203154
Número de control de estantería N-8923
Ubicación en estantería Depósito J
Donativo/Legado Donación: Editorial
Sublocalización o colección R.153577
942 ## - ELEMENTOS DE ENTRADA SECUNDARIOS (KOHA)
Fuente del sistema de clasificación o colocación Clasificación decimal universal
Suprimir en OPAC No
Tipo de ítem Koha Libro impreso
Existencias
Estatus retirado Estado de pérdida Fuente del sistema de clasificación o colocación Estado de daño No para préstamo Biblioteca de origen Biblioteca actual Ubicación en estantería Fecha de adquisición Total de préstamos Signatura topográfica completa Código de barras Visto por última vez Precio de reemplazo Tipo de ítem Koha Fuente de adquisición
No Opac Falta en biblioteca Clasificación decimal universal     Biblioteca del Ateneo de Madrid Biblioteca del Ateneo de Madrid Sala Pecera Depósito 2 13/12/2012   N-5406 1190571 23/02/2023 23/02/2023 Libro impreso  
    Clasificación decimal universal     Biblioteca del Ateneo de Madrid Biblioteca del Ateneo de Madrid Depósito J 05/06/2024   N-8923 101228192 05/06/2024 05/06/2024 Libro impreso Donación